Kill Bill, volume 1 /

Đã lưu trong:
Chi tiết về thư mục
Tác giả khác: Carradine, David (Diễn viên), Tarantino, Quentin (Giám đốc), Thurman, Uma (Diễn viên), Hannah, Daryl (Diễn viên), Chia Hui Liu (Diễn viên), Fox, Vivica A. (Diễn viên), Madsen, Michael (Diễn viên)
Định dạng: Slide
Ngôn ngữ:Tiếng Italy
Tiếng Anh
Được phát hành: Milano : Buena vista home entertainment [distributore], [2004]
Các nhãn: Thêm thẻ
Không có thẻ, Là người đầu tiên thẻ bản ghi này!

MARC

LEADER 00000ngm a22000007i 4500
001 IT\ICCU\RAV\1223129
003 ItRI
005 20260124182905.0
008 040628s2004 it |||||||||||||||k|||||c
024 3 1 |a 8007038052621 
028 4 2 |a Z3DV5262 
028 4 2 |a Z3RDN5267 
040 |b ita 
041 7 |a ita  |a eng  |2 ISO-639-2 
082 |a 791.4372  |9 DESCRIZIONE, VALUTAZIONE CRITICA, SCENEGGIATURA DI SINGOLI FILM  |2 19 
130 0 |a Kill Bill: vol. 1 <film ; 2003>  |3 IT\ICCU\RAV\1460594 
245 0 0 |a Kill Bill, volume 1 /  |c scritto e diretto da Quentin Tarantino. 
260 |a Milano :  |b Buena vista home entertainment [distributore],  |c [2004] 
300 |a 1 DVD-Video (111 min.) :  |b color., sonoro ;  |c in contenitore, 19 cm 
500 |a Codice area: 2; sistema e formato video: PAL, 2.35:1, ottimizzato per TV 16:9; formato audio: Dolby digital 5.1 e DTS 
500 |a Formato a doppio strato 
500 |a Tit. del contenitore 
500 |a Ripr. del film del 2003, prod. Lawrence Bender, USA; interpreti: Uma Thurman, Lucy Liu, David Carradine, Daryl Hannah, Michael Madsen, Vivica A. Fox, Chia Hui Liu 
500 |a Lingue: italiano, inglese ; sottotitoli: italiano, inglese, inglese per non udenti 
500 |a Contenuti extra: Making of "Kill Bill Vol.1" ; Le "5,6,7,8's" cantano "I Walk like Jayne Mansfield" e "I'm Blue" ; Anteprima esclusiva di Kill Bill Vol. 2 - Teaser Trailer ; Kill Bill Vol. 1 Teaser Trailer ; Kill Bill Vol. 1 Trailer 
500 |a Vietato ai minori di 14 anni 
500 |a Sceneggiatore  |0 IT\ICCU\LO1V\141356 
700 1 |a Carradine, David  |0 IT\ICCU\CFIV\120984  |4 act 
700 1 |a Tarantino, Quentin  |0 IT\ICCU\LO1V\141356  |4 drt 
700 1 |a Thurman, Uma  |0 IT\ICCU\RAVV\090250  |4 act 
700 1 |a Hannah, Daryl  |0 IT\ICCU\RAVV\105147  |4 act 
700 0 |a Chia Hui Liu  |0 IT\ICCU\RAVV\387845  |4 act 
700 1 |a Fox, Vivica A.  |0 IT\ICCU\UBOV\487332  |4 act 
700 1 |a Madsen, Michael  |0 IT\ICCU\UBOV\495832  |4 act 
790 0 |a dhlovelife  |3 IT\ICCU\DDSV\388220  |z Hannah, Daryl 
942 |2 ddc  |c VM  |n 0 
952 |0 0  |1 0  |4 0  |6 VO_2235_000000000000000  |7 0  |9 27625  |a BO  |b BO  |d 2026-01-24  |i 18373  |l 0  |o VO 2235  |p BO18373  |r 2026-01-24 18:29:05  |w 2026-01-24  |x [Sebina 5] [1 dvd]  |y VM  |z 1 dvd 
999 |c 23411  |d 23411